[Event "2017 Standard Chess Dropout Tournament, Round 1"]
[Site "SchemingMind.com"]
[Date "2016.11.29"]
[Round "1"]
[White "frankly"]
[Black "smothered mate"]
[Result "1-0"]
[WhiteCountry "ENG"]
[BlackCountry "POL"]
[WhiteElo "2506"]
[WhiteRD "59"]
[BlackElo "1941"]
[BlackRD "72"]
[GameID "406982"]

1. e4 e6 2. d4 d5 3. Nc3 Bb4 4. e5 c5 5. a3 Bxc3+ 6. bxc3 Ne7 7. Qg4 Qc7 8. Qxg7 Rg8 9. Qxh7 cxd4 10. Ne2 dxc3
11. f4 Nbc6 12. Nxc3 a6 13. Qd3 Bd7 14. Ne2 Nf5 15. h3 Nce7 16. a4 Bc6 17. g4 Nh4 18. Nd4 Qb6 19. Kf2 Kd7 20. a5 Qa7
21. Be3 Qb8 22. Qh7 Rh8 23. Qxf7 Qg8 24. Qxg8 Raxg8 25. Rb1 Kc8 26. Rb6 Nhg6 27. Bxa6
1-0

[Event "2017 Standard Chess Dropout Tournament, Round 1"]
[Site "SchemingMind.com"]
[Date "2016.11.26"]
[Round "1"]
[White "FransEvers"]
[Black "Andreas Flato"]
[Result "1-0"]
[WhiteCountry "NED"]
[BlackCountry "GER"]
[WhiteElo "1946"]
[WhiteRD "120"]
[BlackElo "1844"]
[BlackRD "104"]
[GameID "406983"]

1. e4 e5 2. Nf3 d6 3. d4 exd4 4. Nxd4 Nf6 5. Nc3 Be7 6. Be2 O-O 7. O-O Nbd7 8. f4 Nc5 9. Bf3 Ne6 10. Nf5 c6
11. Nxe7+ Qxe7 12. Re1 Re8 13. f5 Nc5 14. Bf4 Ncxe4 15. Bxe4 Nxe4 16. Rxe4 Qd8 17. g4 d5 18. Rxe8+ Qxe8 19. Qd2 f6 20. Re1
1-0

[Event "2017 Standard Chess Dropout Tournament, Round 1"]
[Site "SchemingMind.com"]
[Date "2016.11.27"]
[Round "1"]
[White "George Dimitrov"]
[Black "Quaff"]
[Result "1-0"]
[WhiteCountry "BUL"]
[BlackCountry "ENG"]
[WhiteElo "2422"]
[WhiteRD "107"]
[BlackElo "1595"]
[BlackRD "69"]
[GameID "406984"]

1. e4 e5 2. Nf3 Nc6 3. Bb5 d6 4. d4 exd4 5. Nxd4 Bd7 6. Nc3 Nxd4 7. Bxd7+ Qxd7 8. Qxd4 Nf6 9. O-O Be7 10. Rd1 O-O
11. e5 Ne8 12. Bf4 Qf5 13. Nd5 Qe6 14. Re1 Qd7 15. Nxe7+ Qxe7 16. exd6 Qd7 17. Re7 Qb5 18. dxc7 Nf6 19. Be5 Nh5 20. Rd1 Rfe8
21. Qd8 Kf8 22. Rxe8+ Qxe8 23. Qxa8
1-0

[Event "2017 Standard Chess Dropout Tournament, Round 1"]
[Site "SchemingMind.com"]
[Date "2016.11.28"]
[Round "1"]
[White "GKThomas"]
[Black "greghghs"]
[Result "0-1"]
[WhiteCountry "USA"]
[BlackCountry "ENG"]
[WhiteElo "1980"]
[WhiteRD "118"]
[BlackElo "2176"]
[BlackRD "60"]
[GameID "406985"]

1. e4 c5 2. c3 d5 3. exd5 Qxd5 4. Nf3 Nf6 5. Na3 Nc6 6. Bb5 e6 7. O-O Be7 8. Bc4 Qd8 9. Nc2 O-O 10. d4 Qc7
11. dxc5 Bxc5 12. Be3 Bxe3 13. Nxe3 b6 14. Qe2 Bb7 15. h3 Rfd8 16. Rad1 Nh5 17. Rxd8+ Rxd8 18. Rd1 Nf4 19. Rxd8+ Qxd8 20. Qd2 Qc7
21. Bf1 Ng6 22. a4 h6 23. Bd3 Nce7 24. Bxg6 Nxg6 25. Qd1 Nf4 26. c4 e5 27. Nd5 Qd6 28. Nc3 Qxd1+ 29. Nxd1 Bxf3 30. gxf3 Nxh3+
31. Kf1 Nf4 32. b3 Kf8 33. Ke1 Ke7 34. Kd2 h5 35. Ne3 h4 36. Ng4 h3 37. Nh2 a5 38. Ke3 Kd6 39. Ke4 g6 40. Ke3 f5
41. Kd2 Kc5 42. Kc3 Ne2+ 43. Kd2 Nd4 44. Kc3 g5 45. f4 Ne2+ 46. Kd2 Nxf4 47. Kc3 e4 48. Kc2 Nd3 49. f3 Ne1+ 50. Kd2 Nxf3+
0-1

[Event "2017 Standard Chess Dropout Tournament, Round 1"]
[Site "SchemingMind.com"]
[Date "2016.11.28"]
[Round "1"]
[White "Glenn O'Brien"]
[Black "Uzi Mike"]
[Result "1-0"]
[WhiteCountry "AUS"]
[BlackCountry "USA"]
[WhiteElo "2008"]
[WhiteRD "77"]
[BlackElo "2096"]
[BlackRD "98"]
[GameID "406986"]

1. e4 e5 2. Nf3 Nc6 3. Bb5 a6 4. Ba4 Nf6 5. O-O Be7 6. Re1 b5 7. Bb3 d6 8. c3 O-O 9. h3 Bb7 10. d4 Re8
11. Nbd2 exd4 12. cxd4 Na5 13. Bc2 c5 14. d5 Nd7 15. b3 Bf6 16. Rb1 Bc3 17. Re3 Bf6 18. Nf1 Bc8 19. Re1 Ne5 20. Nxe5 Bxe5
21. Nh2 Bd7 22. Nf3 Bc3 23. Bd2 Bf6 24. Qc1 Nb7 25. Bd3 b4 26. Bg5 Bxg5 27. Qxg5 Qxg5 28. Nxg5 f6 29. Nf3 Bb5 30. Rbd1 Ra7
31. Nh4 Nd8 32. Nf5 Nf7 33. Bc2 g6 34. Ne3 Rae7 35. f3 f5 36. Nc4 fxe4 37. fxe4 Bxc4 38. bxc4 Ne5 39. Bb3 a5 40. h4 Ra8
41. a4 Ng4 42. Re2 Rf8 43. Rf1 Ref7 44. Rxf7 Rxf7 45. Re1 Rf4 46. Bd1 Ne5 47. g3 Rf7 48. Be2 Rf3 49. Bxf3 Nxf3+ 50. Kf2 Nxe1
51. Kxe1 h5 52. Ke2 Kf7 53. Kd2 Kf6 54. Kd3 g5 55. hxg5+ Kxg5 56. Kd2 Kf6 57. Kd3 Ke5 58. Ke3 b3 59. Kd3
1-0

[Event "2017 Standard Chess Dropout Tournament, Round 1"]
[Site "SchemingMind.com"]
[Date "2016.11.25"]
[Round "1"]
[White "greghghs"]
[Black "Trevor Brotherton"]
[Result "1/2-1/2"]
[WhiteCountry "ENG"]
[BlackCountry "ENG"]
[WhiteElo "2235"]
[WhiteRD "60"]
[BlackElo "2531"]
[BlackRD "100"]
[GameID "406988"]

1. e4 d6 2. d4 Nf6 3. f3 g6 4. Be3 Bg7 5. Qd2 c6 6. Nc3 Nbd7 7. O-O-O b5 8. Kb1 Qa5 9. Bh6 Bxh6 10. Qxh6 b4
11. Nce2 c5 12. Nc1 cxd4 13. Nb3 Qh5 14. Qd2 a5 15. g4 Qh4 16. Nxd4 O-O 17. Nge2 Bb7 18. Nf4 Ne5 19. Ng2 Nxf3 20. Nxf3 Qxg4
21. Nge1 b3 22. axb3 a4 23. Rg1 Qc8 24. Qd4 e5 25. Qe3 axb3 26. Nd2 d5 27. exd5 Nxd5 28. Qxb3 Bc6 29. Bc4 Rd8 30. Rg3 Qd7
31. Qf3 e4 32. Nxe4 Qa7 33. Qa3 Qb6 34. Qb3 Qa5 35. Qa3=
1/2-1/2

[Event "2017 Standard Chess Dropout Tournament, Round 1"]
[Site "SchemingMind.com"]
[Date "2016.11.30"]
[Round "1"]
[White "Helga1946"]
[Black "klapa"]
[Result "1-0"]
[WhiteCountry "GER"]
[BlackCountry "POL"]
[WhiteElo "2249"]
[WhiteRD "79"]
[BlackElo "1410"]
[BlackRD "69"]
[GameID "406989"]

1. e4 e6 2. Nf3 f5 3. exf5 d5 4. fxe6 Bxe6 5. d4 Nc6 6. Bb5 Qd7 7. Ne5 Qe7 8. O-O Bd7 9. Re1 Nxe5 10. Rxe5 Bxb5
11. Rxe7+ Bxe7 12. Nc3 Bc6 13. Qh5+ g6 14. Qe5 O-O-O 15. Qxh8 Re8 16. Qxh7 Bg5 17. Bxg5
1-0

[Event "2017 Standard Chess Dropout Tournament, Round 1"]
[Site "SchemingMind.com"]
[Date "2016.11.25"]
[Round "1"]
[White "Holty"]
[Black "JAHI"]
[Result "0-1"]
[WhiteCountry "ENG"]
[BlackCountry "INT"]
[WhiteElo "1825"]
[WhiteRD "61"]
[BlackElo "2047"]
[BlackRD "58"]
[GameID "406990"]

1. d4 g6 2. e4 Bg7 3. Nf3 d6 4. Bc4 e6 5. O-O d5 6. exd5 exd5 7. Re1+ Ne7 8. Bd3 Be6 9. Bf4 Nd7 10. c3 h6
11. Qc2 g5 12. Bd2 c6 13. a4 b6 14. Be3 c5 15. Bb5 c4 16. b3 cxb3 17. Qxb3 Rc8 18. Nbd2 Rc7 19. Rac1 Nf5 20. c4 Nxe3
21. Qxe3 Kf8 22. Qa3+ Qe7 23. Qxe7+ Kxe7 24. cxd5 Rxc1 25. Rxc1 Bxd5 26. Rc7 Rd8 27. Rxa7 Ke6 28. Bc4 g4 29. Bxd5+ Kxd5 30. Ne5 Nxe5
31. dxe5 Bxe5 32. Nf1 Ke6 33. Rb7 Bd4 34. Rc7 h5 35. g3 f6 36. Rh7 Ra8 37. Rxh5 Rxa4 38. Rb5 Ra1 39. Kg2 Ra2 40. Rb1 Rxf2+
41. Kh1 b5 42. Re1+ Kd5 43. Ne3+ Bxe3 44. Rxe3 b4 45. Kg1 Rc2 46. Rb3 Kc4 47. Rb1 b3
0-1

[Event "2017 Standard Chess Dropout Tournament, Round 1"]
[Site "SchemingMind.com"]
[Date "2016.11.25"]
[Round "1"]
[White "John Hamer"]
[Black "Aba"]
[Result "1-0"]
[WhiteCountry "ENG"]
[BlackCountry "ISR"]
[WhiteElo "1973"]
[WhiteRD "67"]
[BlackElo "1774"]
[BlackRD "78"]
[GameID "406991"]

1. b4 e5 2. Bb2 f6 3. b5 c6 4. a4 Bc5 5. Nf3 Qb6 6. e3 a6 7. d4 exd4 8. a5 Qd8 9. Nxd4 Bxd4 10. Bxd4 axb5
11. Bd3 Rxa5 12. Qh5+ g6 13. Bxg6+ Ke7 14. Rxa5 Qxa5+ 15. Bc3 Qa2 16. O-O d6 17. Nd2 Be6 18. Bd3 Qd5 19. Qh4 Nd7 20. Be4 Qc5
21. Bd4 Qb4 22. c3 Qb2 23. Rd1 c5 24. Nf3 cxd4 25. Nxd4 Qxc3 26. Qg3 Kf8 27. Qxd6+ Ke8 28. Qxe6+
1-0

[Event "2017 Standard Chess Dropout Tournament, Round 1"]
[Site "SchemingMind.com"]
[Date "2016.11.26"]
[Round "1"]
[White "JAHI"]
[Black "Mike Winslow"]
[Result "1/2-1/2"]
[WhiteCountry "INT"]
[BlackCountry "USA"]
[WhiteElo "2047"]
[WhiteRD "58"]
[BlackElo "1960"]
[BlackRD "96"]
[GameID "406992"]

1. g3 d5 2. Bg2 Nf6 3. d3 c6 4. e3 e5 5. d4 Nbd7 6. b3 Bd6 7. Bb2 O-O 8. Nd2 Re8 9. Ne2 Nf8 10. c3 Bf5
11. dxe5 Bxe5 12. Nf3 Bd6 13. Nh4 Qd7=
1/2-1/2

[Event "2017 Standard Chess Dropout Tournament, Round 1"]
[Site "SchemingMind.com"]
[Date "2016.11.30"]
[Round "1"]
[White "Jari Laine"]
[Black "Helga1946"]
[Result "1-0"]
[WhiteCountry "FIN"]
[BlackCountry "GER"]
[WhiteElo "2347"]
[WhiteRD "82"]
[BlackElo "2219"]
[BlackRD "71"]
[GameID "406994"]

1. c4 e5 2. Nc3 Nf6 3. Nf3 Nc6 4. d4 exd4 5. Nxd4 Bc5 6. Nxc6 bxc6 7. g3 O-O 8. Bg2 Re8 9. O-O Ba6 10. Qa4 Qc8
11. Rd1 Rb8 12. a3 h6 13. e3 Bd6 14. Rb1 h5 15. Bd2 Re6 16. Ne2 Ne4 17. Be1 Re7 18. Qc2 Nf6 19. b4 c5 20. bxc5 Bxc5
21. Bc3 Rxb1 22. Rxb1 Ne8 23. Nf4 Bd6 24. Qf5 Bxc4 25. Be4 g6 26. Nxg6 fxg6 27. Qxg6+ Rg7 28. Bxg7 Nxg7 29. Qh7+ Kf8 30. Qh8+ Bg8
31. Rb7 Qa8 32. Bd5 Ne6 33. Rxc7 Qd8 34. Rxa7 Qg5 35. Ra8+ Kf7 36. Bf3 Bf8 37. Bxh5+ Ke7 38. Re8+ Kd6 39. h4 Qf5 40. Qxg8 Qxh5
41. Rxf8 Nxf8 42. Qxf8+ Kc7 43. Qf4+ d6 44. a4 Kd7 45. Kg2
1-0

[Event "2017 Standard Chess Dropout Tournament, Round 1"]
[Site "SchemingMind.com"]
[Date "2016.11.28"]
[Round "1"]
[White "James Reed"]
[Black "simon_w"]
[Result "0-1"]
[WhiteCountry "ENG"]
[BlackCountry "IRL"]
[WhiteElo "1339"]
[WhiteRD "79"]
[BlackElo "1834"]
[BlackRD "121"]
[GameID "406995"]

1. e4 e5 2. Nf3 Nc6 3. Bc4 Bc5 4. O-O Nf6 5. Nc3 O-O 6. a3 a5 7. h3 d6 8. Re1 Be6 9. Bxe6 fxe6 10. d3 d5
11. Bg5 d4 12. Ne2 Be7 13. Qd2 Nh5 14. Bxe7 Qxe7 15. Ng5 Qf6 16. Nf3 Nf4 17. Nxf4 exf4 18. b3 b5 19. e5 Qf5 20. Rab1 g5
21. c3 Ne7 22. Nxd4 Qg6 23. Nxb5 Nf5 24. Nxc7 Ra7 25. Nb5 Rg7 26. Nd6 Nh4 27. f3 h5 28. c4 g4 29. Qf2 gxh3 30. Re2 Nxg2
31. Kf1 h2 32. Ne4 h1=Q+ 33. Qg1 Ne3+ 34. Rxe3 Qgg2+ 35. Ke1 Qhxg1#
0-1

[Event "2017 Standard Chess Dropout Tournament, Round 1"]
[Site "SchemingMind.com"]
[Date "2016.11.27"]
[Round "1"]
[White "JimM"]
[Black "Johnny Owens"]
[Result "0-1"]
[WhiteCountry "USA"]
[BlackCountry "USA"]
[WhiteElo "1649"]
[WhiteRD "79"]
[BlackElo "1831"]
[BlackRD "116"]
[GameID "406996"]

1. e4 e6 2. d4 d5 3. Nc3 dxe4 4. Nxe4 Nd7 5. Nf3 Ngf6 6. Nxf6+ Nxf6 7. c3 Bd6 8. Bb5+ Bd7 9. Qa4 c6 10. Bd3 c5
11. Qc2 cxd4 12. Nxd4 h6 13. Nb5 Bc5 14. Bf4 O-O 15. O-O Nh5 16. Be5 Qg5 17. Bd4 Bxb5 18. Rfd1 Nf4 19. Be4 Bxd4 20. cxd4 f5
21. Bxb7 Rab8 22. Bf3 Be2 23. g3 Bxf3 24. Re1 Rfc8 25. Qb1 Nh3+ 26. Kf1 Qd2
0-1

[Event "2017 Standard Chess Dropout Tournament, Round 1"]
[Site "SchemingMind.com"]
[Date "2016.11.26"]
[Round "1"]
[White "JMD"]
[Black "ampp"]
[Result "0-1"]
[WhiteCountry "GBR"]
[BlackCountry "POR"]
[WhiteElo "1566"]
[WhiteRD "98"]
[BlackElo "1451"]
[BlackRD "81"]
[GameID "407007"]

1. e4 c5 2. d4 cxd4 3. Qxd4 Nc6 4. Qc3 e5 5. a3 Nf6 6. Bg5 Be7 7. Bxf6 Bxf6 8. Nf3 O-O 9. Bb5 a6 10. Bxc6 bxc6
11. O-O Rb8 12. Nxe5 Re8
0-1

[Event "2017 Standard Chess Dropout Tournament, Round 1"]
[Site "SchemingMind.com"]
[Date "2016.11.30"]
[Round "1"]
[White "Sebastian Strauchler"]
[Black "Robert Bruce"]
[Result "1-0"]
[WhiteCountry "ARG"]
[BlackCountry "SCO"]
[WhiteElo "2295"]
[WhiteRD "111"]
[BlackElo "2360"]
[BlackRD "70"]
[GameID "407008"]

1. e4 c6 2. d4 d5 3. Nd2 e5 4. dxe5 dxe4 5. Qe2 Bf5 6. g4 Be6 7. Nxe4 Nd7 8. Bd2 Nc5 9. Bg2 Qb6 10. O-O-O Nxe4
11. Bxe4 Bxa2 12. Nh3 Be7 13. Bc3 Be6 14. f4 Bb4 15. Bxb4 Qxb4 16. f5 Bc4 17. Bd3 Ba2 18. Qd2 Qxg4 19. Nf4 O-O-O 20. b3 Kb8
21. Kb2 Bxb3 22. cxb3 Ne7 23. Rhg1 Qh4 24. Rxg7 Nxf5 25. Rxf7 Nh6 26. Rg7 Nf5 27. Rg2 Qe7 28. Re1 Nd4 29. Qc3 Rhe8 30. Re4 Qd7
31. Bc4 Nf5 32. Nh5 Re7 33. Nf6 Qc8 34. Rd2 Qc7 35. Rxd8+ Qxd8 36. e6 Ka8 37. Rg4 Rg7 38. Rxg7 Nxg7 39. Nxh7 Qc7 40. h4 Nxe6
41. Bxe6 Qxh7 42. Qg3 Qh8+ 43. Ka2 Qb8 44. Qxb8+
1-0

[Event "2017 Standard Chess Dropout Tournament, Round 1"]
[Site "SchemingMind.com"]
[Date "2016.11.26"]
[Round "1"]
[White "JPT"]
[Black "JMD"]
[Result "1-0"]
[WhiteCountry "INT"]
[BlackCountry "GBR"]
[WhiteElo "1698"]
[WhiteRD "97"]
[BlackElo "1566"]
[BlackRD "98"]
[GameID "407009"]

1. e4 e5 2. Nf3 Nc6 3. Bb5 Bc5 4. O-O d5 5. Nxe5 Qf6 6. Nxc6 bxc6 7. Bd3 h5 8. Qe2 Qg5 9. exd5+ Qe7 10. Qxe7+ Nxe7=
11. dxc6 O-O 12. c3 Bf5 13. Bxf5 Nxf5 14. d4 Bd6 15. Nd2 Ne7 16. Ne4 Nxc6 17. Nxd6 cxd6 18. Be3 f5 19. Bf4 d5 20. Rfe1 Rfe8
21. h4 Re4 22. Bg5 Rae8 23. Kf1 Na5 24. f3 R4e6 25. Rxe6 Rxe6 26. b3 Nb7 27. Re1 Ra6 28. Re2 Nd6 29. Re6 Kf7 30. Re7+ Kg6
31. Re2 Nf7 32. Bc1 Rc6 33. Bb2 f4 34. Re7 Ra6 35. a3 Kf6 36. Re1 g5 37. hxg5+ Kxg5 38. Kf2 h4 39. a4 Kf5 40. Ba3 Rc6
41. Bc5 a6 42. a5 Rh6 43. Re7 Kf6 44. Ra7 Kg7 45. Bb6 h3 46. gxh3 Rxh3 47. Kg2 Rh6 48. Rxa6 Rc6 49. Ra7 Rxc3 50. b4 Kg6
51. Rc7 Rb3 52. a6 Ng5 53. a7 Rb2+ 54. Kf1 Rb1+ 55. Ke2 Rb2+ 56. Kd1 Ra2 57. Rc8 Rxa7 58. Bxa7 Nxf3 59. b5 Kf5 60. Re8 Ng5
61. b6 f3 62. b7 f2 63. Rf8+ Ke4 64. Rxf2 Ke3 65. Rf8 Nf3 66. Rxf3+ Kxf3 67. b8=Q
1-0

[Event "2017 Standard Chess Dropout Tournament, Round 1"]
[Site "SchemingMind.com"]
[Date "2016.11.30"]
[Round "1"]
[White "klapa"]
[Black "DANDYLIONHONEYBADGER"]
[Result "1-0"]
[WhiteCountry "POL"]
[BlackCountry "USA"]
[WhiteElo "1461"]
[WhiteRD "72"]
[BlackElo "1275"]
[BlackRD "74"]
[GameID "407010"]

1. e4 e5 2. Nf3 Nc6 3. Nc3 Nf6 4. d3 d6 5. Be2 a6 6. Bg5 h6 7. Bxf6 gxf6 8. d4 Nb4 9. d5 h5 10. a3 Nxc2+
11. Qxc2 b5 12. b4 Bh6 13. a4 Bd7 14. axb5 axb5 15. Rxa8 Qxa8 16. O-O Bf4 17. Nd1 h4 18. h3 Bxh3 19. Bxb5+ Kf8 20. gxh3 Rg8+
21. Kh1 Qc8 22. Nh2 Qxh3 23. f3 Ke7 24. Qxc7+ Kf8 25. Qxd6+ Kg7 26. Rf2 Kh6 27. Qxf6+ Rg6 28. Qh8+ Kg5 29. Rg2+ Bg3 30. Qxe5+ Kh6
31. Qh8+ Kg5 32. Nf2 Kf4 33. Nxh3+ Ke3 34. Qc3#
1-0

[Event "2017 Standard Chess Dropout Tournament, Round 1"]
[Site "SchemingMind.com"]
[Date "2016.11.29"]
[Round "1"]
[White "KristianO"]
[Black "edg"]
[Result "1-0"]
[WhiteCountry "NOR"]
[BlackCountry "USA"]
[WhiteElo "1716"]
[WhiteRD "88"]
[BlackElo "1693"]
[BlackRD "71"]
[GameID "407011"]

1. d4 Nf6 2. c4 c5 3. d5 e6 4. Nc3 exd5 5. cxd5 d6 6. e4 g6 7. Nf3 Bg7 8. Bc4 O-O 9. O-O Re8 10. Re1 Nbd7
11. Bf4 Nb6 12. Nd2 a6 13. h3 Nh5 14. Bh2 Bh6 15. Be2 Bxd2 16. Qxd2 Qf6 17. b3 Nd7 18. Bxh5 gxh5 19. Bf4 Ne5 20. Bxe5 Rxe5
21. f4 Re8 22. e5 Qg6 23. Ne4 Rd8 24. Nxd6 Rxd6 25. exd6 Qxd6 26. Re8+ Kg7 27. Qc3+ Kh6 28. Rg8 f6 29. Qg3 Qe7 30. f5
1-0

[Event "2017 Standard Chess Dropout Tournament, Round 1"]
[Site "SchemingMind.com"]
[Date "2016.11.27"]
[Round "1"]
[White "Johnny Owens"]
[Black "JPT"]
[Result "1-0"]
[WhiteCountry "USA"]
[BlackCountry "INT"]
[WhiteElo "1630"]
[WhiteRD "163"]
[BlackElo "1698"]
[BlackRD "97"]
[GameID "407012"]

1. c4 g6 2. g3 Bg7 3. Bg2 f6 4. Nf3 Nh6 5. Nc3 Nf7 6. O-O c5 7. d4 cxd4 8. Nxd4 Nc6 9. Be3 O-O 10. Qa4 Nxd4
11. Bxd4 a6 12. Nd5 e6 13. Bb6 exd5 14. Bxd8 Rxd8 15. Bxd5 d6 16. c5 dxc5 17. Rfd1 Bd7 18. Bxf7+ Kxf7 19. Rxd7+
1-0

[Event "2017 Standard Chess Dropout Tournament, Round 1"]
[Site "SchemingMind.com"]
[Date "2016.11.27"]
[Round "1"]
[White "Lambik"]
[Black "KristianO"]
[Result "0-1"]
[WhiteCountry "BEL"]
[BlackCountry "NOR"]
[WhiteElo "2200"]
[WhiteRD "78"]
[BlackElo "1686"]
[BlackRD "81"]
[GameID "407013"]

1. e4 e5 2. Nf3 Nc6 3. Bb5 a6 4. Ba4 Nf6 5. O-O Be7 6. Re1 b5 7. Bb3 O-O 8. c3 d6 9. h3 Nb8 10. d4 Nbd7
11. Nbd2 Bb7 12. Bc2 Re8 13. a4 Bf8 14. Bd3 c6 15. b3 d5 16. exd5 e4 17. Nxe4 b4 18. Nxf6+ Nxf6 19. Rxe8 Qxe8 20. dxc6 Bxc6
21. c4 Be4 22. Bg5 Bxd3 23. Qxd3 Ne4 24. Re1 f5 25. Nd2 Qg6 26. Nxe4 fxe4 27. Qxe4 Qxe4 28. Rxe4 h6 29. Bd2 a5 30. c5 Rd8
31. c6 Bd6 32. Bf4 Bxf4 33. Rxf4 Rd6 34. d5 Rf6
0-1

[Event "2017 Standard Chess Dropout Tournament, Round 1"]
[Site "SchemingMind.com"]
[Date "2016.11.28"]
[Round "1"]
[White "lawyertheologian"]
[Black "MichaelG"]
[Result "1-0"]
[WhiteCountry "USA"]
[BlackCountry "GER"]
[WhiteElo "2045"]
[WhiteRD "94"]
[BlackElo "1863"]
[BlackRD "84"]
[GameID "407014"]

1. e4 e6 2. d4 d5 3. exd5 exd5 4. Nf3 Bd6 5. Nc3 Ne7 6. Nb5 Bb4+ 7. Bd2 Bxd2+ 8. Qxd2 c6 9. Nc3 Bf5 10. Nh4 Nd7
11. O-O-O Be6 12. Bd3 g6 13. Rhe1 Qc7 14. Nf3 O-O-O 15. Ng5 Nf8 16. f4 h6 17. Nf3 Nf5 18. g4 Nd6 19. h3 f5 20. Ne5 Ne4
21. Bxe4 fxe4 22. Rf1 Nh7 23. Nxg6 Rhg8 24. f5 Qg7 25. h4 Bd7 26. Ne5 Nf6 27. g5 hxg5 28. hxg5 Qxg5 29. Qxg5 Rxg5 30. Nf7 Rdg8
31. Nxg5 Rxg5 32. Rd2 Bxf5 33. Rdf2 Bh3 34. Rh1 Bg2 35. Rh8+
1-0

[Event "2017 Standard Chess Dropout Tournament, Round 1"]
[Site "SchemingMind.com"]
[Date "2016.11.26"]
[Round "1"]
[White "William Lindberg"]
[Black "sbb"]
[Result "1/2-1/2"]
[WhiteCountry "USA"]
[BlackCountry "USA"]
[WhiteElo "2408"]
[WhiteRD "71"]
[BlackElo "2465"]
[BlackRD "84"]
[GameID "407015"]

1. e4 e5 2. Nf3 Nc6 3. Bb5 f5 4. d3 fxe4 5. dxe4 Nf6 6. O-O Bc5 7. Nc3 d6 8. Bg5 O-O 9. Bc4+ Kh8 10. Nd5 Bg4
11. c3 Bxf3 12. gxf3 Qd7 13. b4 Bb6 14. Bxf6 gxf6 15. Kh1 f5 16. a4 a5 17. Nxb6 cxb6 18. bxa5 bxa5 19. exf5 Rxf5 20. Rg1 Ne7
21. Bd3 Rf4 22. Be4 Ng8 23. Rb1 Nf6 24. Bxb7 Rd8 25. Rb5 Qc7 26. Qd3 Rxa4 27. Bd5 Qc8 28. Rb7 Qh3 29. Qb5 Nxd5 30. Qxd5 Rf4
31. Rf7 Rf5 32. Qb7 Rxf7=
1/2-1/2

[Event "2017 Standard Chess Dropout Tournament, Round 1"]
[Site "SchemingMind.com"]
[Date "2016.11.27"]
[Round "1"]
[White "Simon Green"]
[Black "Phillip Beckett"]
[Result "0-1"]
[WhiteCountry "ENG"]
[BlackCountry "ENG"]
[WhiteElo "1641"]
[WhiteRD "60"]
[BlackElo "1561"]
[BlackRD "64"]
[GameID "407016"]

1. d4 d5 2. e3 Nf6 3. Bd3 c5 4. c3 Nc6 5. f4 Bg4 6. Ne2 e6 7. Nd2 Qb6 8. O-O Bd6 9. Nf3 O-O 10. Ne5 Bf5
11. Bxf5 exf5 12. Ng3 g6 13. Qe1 a5 14. Rf2 Rfc8 15. a3 a4 16. Qe2 Na5 17. Rb1 cxd4 18. exd4 Rxc3 19. bxc3 Qxb1 20. Qb2 Qxb2
21. Rxb2 Bxa3 22. Rb1 Bxc1 23. Rxc1 Nb3 24. Rc2 a3 25. Ra2 Nc1 26. Ra1 a2 27. Rxc1 a1=Q 28. Rxa1 Rxa1+ 29. Kf2 b5 30. Nc6 h5
31. h3 Ra3 32. Ne2 Ne4+ 33. Ke3 Nxc3 34. Nxc3 Rxc3+
0-1

[Event "2017 Standard Chess Dropout Tournament, Round 1"]
[Site "SchemingMind.com"]
[Date "2016.11.27"]
[Round "1"]
[White "Clive Everill"]
[Black "bartleby en passant"]
[Result "1-0"]
[WhiteCountry "CZE"]
[BlackCountry "IRL"]
[WhiteElo "1765"]
[WhiteRD "55"]
[BlackElo "1785"]
[BlackRD "82"]
[GameID "407017"]

1. e4 e5 2. f4 exf4 3. Nf3 Nc6 4. Bc4 h6 5. d4 Nf6 6. Bxf4 d6 7. c3 Be7 8. Qb3 O-O 9. Nbd2 Na5 10. Qb4 Nxc4
11. Qxc4 Bg4 12. O-O Bxf3 13. Rxf3 a6 14. Raf1 Qd7 15. e5 d5 16. Qd3 Nh7 17. Rh3 Ng5 18. Bxg5 Bxg5 19. Nf3 Qe7 20. Qf5 g6
21. Qg4 Qe6 22. Qxe6 fxe6 23. Nxg5 hxg5 24. Rxf8+ Rxf8 25. Rg3 Rf5 26. h4 gxh4 27. Rxg6+ Kf7 28. Rh6 Rg5 29. Rxh4 Kg7 30. Kf2 a5
31. b3 b6 32. Kf3 c6 33. Rf4 Rg6 34. g4 Rh6 35. Kg3 Rg6 36. c4 Rg5 37. Rf6 Rg6 38. Kf4 Rxf6+ 39. exf6+ Kxf6 40. g5+ Kf7
41. cxd5 cxd5 42. Ke5
1-0

[Event "2017 Standard Chess Dropout Tournament, Round 1"]
[Site "SchemingMind.com"]
[Date "2016.11.25"]
[Round "1"]
[White "Marc Wakeham"]
[Black "Russell Sherwood"]
[Result "0-1"]
[WhiteCountry "WLS"]
[BlackCountry "WLS"]
[WhiteElo "1588"]
[WhiteRD "83"]
[BlackElo "2172"]
[BlackRD "120"]
[GameID "407018"]

1. e4 d5 2. d4 dxe4 3. Nc3 Nf6 4. f3 exf3 5. Nxf3 g6 6. Bg5 Bg7 7. Qd2 O-O 8. O-O-O c5 9. dxc5 Qa5 10. Kb1 Be6
11. a3 Qxc5 12. Qd4 Qa5 13. Qa4 Qxa4 14. Nxa4 Ne4 15. Be3 Nc6 16. Bd3 Nd6 17. Nc5 Bc4 18. Rhe1 b6 19. Na4 Rfe8 20. Bf2 Rad8
21. b3 Bxd3 22. Rxd3 e5 23. Rdd1 e4 24. Ng1 Nb5 25. Rxd8 Rxd8 26. Be3 Nxa3+ 27. Kc1 Nb4 28. Rd1 Na2#
0-1

[Event "2017 Standard Chess Dropout Tournament, Round 1"]
[Site "SchemingMind.com"]
[Date "2016.11.26"]
[Round "1"]
[White "Marco_M"]
[Black "Rudi Ratlos"]
[Result "1/2-1/2"]
[WhiteCountry "ITA"]
[BlackCountry "GER"]
[WhiteElo "2039"]
[WhiteRD "109"]
[BlackElo "2158"]
[BlackRD "131"]
[GameID "407019"]

1. e4 d6 2. d4 Nf6 3. Nc3 e5 4. Nf3 exd4 5. Nxd4 Be7 6. Bc4 O-O 7. O-O Re8 8. Re1 Nbd7 9. h3 Ne5 10. Bb3 c6
11. f4 Ned7 12. e5 dxe5 13. fxe5 Bc5 14. e6 fxe6 15. Rxe6 Rxe6 16. Bxe6+ Kf8 17. Kh1 Qe7 18. Bb3 Bxd4 19. Qxd4 Nc5 20. Bf4 Nxb3
21. axb3 Kf7 22. Rxa7 Rxa7 23. Qxa7 Qe1+ 24. Qg1 Qxg1+ 25. Kxg1 Bf5 26. b4= Bxc2 27. Kf2 Ke6 28. Ke3 Nd5+ 29. Nxd5 Kxd5 30. Kd2 Ke4
31. g3 Bb3=
1/2-1/2

[Event "2017 Standard Chess Dropout Tournament, Round 1"]
[Site "SchemingMind.com"]
[Date "2016.11.28"]
[Round "1"]
[White "maro"]
[Black "James Reed"]
[Result "1-0"]
[WhiteCountry "MEX"]
[BlackCountry "ENG"]
[WhiteElo "1345"]
[WhiteRD "59"]
[BlackElo "1339"]
[BlackRD "79"]
[GameID "407020"]

1. d4 Nf6 2. Nf3 g6 3. Bf4 Bg7 4. g3 Nc6 5. Nc3 d6 6. Bg2 Bf5 7. O-O Qd7 8. d5 Nb4 9. Nd4 Nbxd5 10. Nxd5 Nxd5
11. Bxd5 c6 12. Bb3 Bh3 13. Re1 Bxd4 14. Qxd4 f6 15. Bh6 O-O-O 16. Qxa7 Kc7 17. Bg7 Ra8 18. Qd4 Rhd8 19. Bh6 Be6 20. Be3 c5
21. Qd2 g5 22. a4 b6 23. a5 b5 24. Bxe6 Qxe6 25. b4 Qc4 26. bxc5 dxc5 27. Qc1 h6 28. Qa3 b4 29. Qa4 h5 30. Rec1 Qxe2
31. Bxc5 Rab8 32. Bb6+ Kc8 33. Qc6#
1-0